| 000 | 00747nam a2200241Ia 4500 | ||
|---|---|---|---|
| 003 | GCL | ||
| 008 | 140319s9999 xx 000 0 ara d | ||
| 020 | _a0244148977 | ||
| 040 |
_aGCL / _cGCL |
||
| 082 | 0 | 4 |
_a953.07393 _bل ث |
| 245 | 1 | 0 | _a800 عام حطين صلاح الدين والعمل العربى الموحد |
| 260 |
_aالقاهرة : _bدار الشروق ، _c1989 |
||
| 300 |
_a225 ص ؛ _c24 سم |
||
| 490 | _a | ||
| 650 | 0 | 4 | _aتاريخ |
| 650 | 0 | 4 | _aالحروب الصليبية |
| 650 | 0 | 4 | _aالنزاع العربى الاسرائيلى |
| 650 | 0 | 4 | _aالدولة الايوبية |
| 650 | 0 | 4 | _aصلاح الدين الايوبى |
| 650 | 0 | 4 | _aمعركة حطين |
| 650 | 0 | 4 | _aندوات |
| 942 |
_2ddc _cBK |
||
| 999 |
_c31009 _d31009 |
||